BLACK HOLES AND BABY UNIVERSES (Record no. 5315)
[ view plain ]
| 000 -LEADER | |
|---|---|
| fixed length control field | 00229nam a22001097a 4500 |
| 082 ## - DEWEY DECIMAL CLASSIFICATION NUMBER | |
| Classification number | 520 |
| Item number | HAW/B |
| 100 ## - MAIN ENTRY--AUTHOR NAME | |
| Personal name | 172 |
| 245 ## - TITLE STATEMENT | |
| Title | BLACK HOLES AND BABY UNIVERSES |
| 300 ## - PHYSICAL DESCRIPTION | |
| Number of Pages | 172 |
| 650 ## - SUBJECT ADDED ENTRY--TOPICAL TERM | |
| Topical Term | PERSONALITY DEVELOPMENT |
| 942 ## - ADDED ENTRY ELEMENTS (KOHA) | |
| Koha item type | Books |
| Withdrawn status | Lost status | Collection code | Home library | Current library | Shelving location | Date acquired | Source of acquisition | Full call number | Accession Number | Koha item type |
|---|---|---|---|---|---|---|---|---|---|---|
| Reference | Main Library | Main Library | SHELF-17G-PERSONALITY DEVELOPMENT BOOKS | 03/12/2013 | PURCHASE | 520 HAW/B | 07574 | Books |